Dialogue?--resource manual for Catholics in Asia / (Record no. 1415)

MARC details
000 -LEADER
fixed length control field 01034cam a2200301 a 4500
001 - CONTROL NUMBER
control field 7783778
003 - CONTROL NUMBER IDENTIFIER
control field GBCCL
005 - DATE AND TIME OF LATEST TRANSACTION
control field 20241126110400.0
008 - FIXED-LENGTH DATA ELEMENTS--GENERAL INFORMATION
fixed length control field 010702s2001 th 000 0 eng d
035 ## - SYSTEM CONTROL NUMBER
System control number (OCoLC)ocn728505505
035 ## - SYSTEM CONTROL NUMBER
System control number 7783778
040 ## - CATALOGING SOURCE
Original cataloging agency YMK
Transcribing agency YMK
Modifying agency J8T
-- OCLCQ
-- NLGGC
-- CtY-D
043 ## -
-- a------
050 #4 -
-- BX1615
-- .D53 2001
082 ## - DEWEY DECIMAL CLASSIFICATION NUMBER
Classification number 282.5
Item number DIA
245 00 - TITLE STATEMENT
Title Dialogue?--resource manual for Catholics in Asia /
Statement of responsibility, etc. Edmund Chia, editor.
246 30 -
-- Resource manual for Catholics in Asia
260 ## - PUBLICATION, DISTRIBUTION, ETC.
Place of publication, distribution, etc. Bangkok :
Name of publisher, distributor, etc. FABC-OEIA,
Date of publication, distribution, etc. c2001.
300 ## - PHYSICAL DESCRIPTION
Extent 191 p. ;
Dimensions 30 cm.
610 20 - SUBJECT ADDED ENTRY--CORPORATE NAME
Corporate name or jurisdiction name as entry element Catholic Church
Geographic subdivision Asia.
9 (RLIN) 2815
650 #0 - SUBJECT ADDED ENTRY--TOPICAL TERM
Topical term or geographic name entry element Christianity and other religions
Geographic subdivision Asia.
9 (RLIN) 2816
650 #0 - SUBJECT ADDED ENTRY--TOPICAL TERM
Topical term or geographic name entry element Interdenominational cooperation
Geographic subdivision Asia.
9 (RLIN) 2817
650 #0 - SUBJECT ADDED ENTRY--TOPICAL TERM
Topical term or geographic name entry element Christianity and culture
Geographic subdivision Asia.
9 (RLIN) 1275
651 #0 - SUBJECT ADDED ENTRY--GEOGRAPHIC NAME
Geographic name Asia
General subdivision Church history.
9 (RLIN) 1278
700 1# - ADDED ENTRY--PERSONAL NAME
Personal name Chia, Edmund.
9 (RLIN) 2818
710 2# - ADDED ENTRY--CORPORATE NAME
Corporate name or jurisdiction name as entry element Federation of Asian Bishops' Conferences.
Subordinate unit Office of Ecumenical and Interreligious Affairs.
9 (RLIN) 2819
942 ## - ADDED ENTRY ELEMENTS (KOHA)
Source of classification or shelving scheme Dewey Decimal Classification
Koha item type Books
Koha issues (borrowed), all copies 1
Holdings
Withdrawn status Lost status Source of classification or shelving scheme Damaged status Not for loan Home library Current Library Shelving location Date acquired Total checkouts Full call number Barcode Date last seen Date last checked out Copy number Price effective from Koha item type
    Dewey Decimal Classification     GRACE BIBLE COLLEGE GRACE BIBLE COLLEGE Church History 2017-04-28 1 282.5 DIA 009572 2025-05-01 2018-11-02 c.1 2017-04-28 Books
© Grace Bible College Library 2025